000 00650nam a2200289Ia 4500
005 20260324132032.0
008 008 260324s9999 xx 000 0 eng d
020 _a9780429125461
037 _aEBOOK
040 _aCRL
040 _beng
040 _cCRL
041 _2eng
041 _aeng
084 _qCRL
100 _aMohamed Gad-el-Hak
_91187790
245 0 _aMEMS
245 0 _bDesign and Fabrication
260 _bTaylor and Francis
260 _c2005
365 _a
365 _b340
856 _uhttp://www.taylorfrancis.com/books/9780429125461
942 _cEBOOK
999 _c1785481
_d1785481